000 00533nam a2200205Ia 4500
008 170918s9999 xx 000 0 und d
020 _a9780439667623
050 _bB852 2004
100 _aBridwell, Norman
245 _aTime for school /
245 _cNorman Bridwell and Gail Herman ; illustrated by Jim Durk.
260 _aNew York :
260 _bScholastic,
260 _c2004
300 _aunpaged :
300 _bcolored illustration ;
300 _c23cm.
440 _aClifford the big red dog.
500 _a330
999 _c342554
_d342554